The torture of mothers,

Saved in:
Bibliographic Details
Main Author: Nelson, Truman John, 1912-
Format: Book
Language:English
Published: Boston, Beacon Press [1968, c1965]
Subjects:
LEADER 01135nam a2200301 a 4500
001 c000376588
003 CARM
005 19960325000000.0
008 680301c19681965mauc b 000 0 eng
010 |a 68017428 //r965 
019 1 |a 703782  |5 LACONCORD2021 
035 |a (OCoLC)330160  |5 LACONCORD2021 
040 |a LC  |b eng  |c LC  |d LC 
043 |a n-us-ny 
050 0 0 |a F128.9.N3  |b N37 1968 
082 0 0 |a 323.1/196/07471 
100 1 |a Nelson, Truman John,  |d 1912- 
245 1 4 |a The torture of mothers,  |c by Truman Nelson. 
260 |a Boston,  |b Beacon Press  |c [1968, c1965] 
300 |a 121, [1] p.  |b ports.  |c 21 cm. 
504 |a Bibliographical references included in "Notes" (p. 105-[122]) 
650 0 |a Afro-Americans  |z New York (State)  |z New York. 
650 0 |a Police  |z New York (State)  |z New York. 
650 0 |a Riots  |z New York (State)  |z New York. 
651 0 |a Harlem (New York, N.Y.)  |x History. 
852 8 |b CARM  |h A1:AM03B0  |i B09223  |p 0424875  |f BK 
999 f f |i be7a2905-4fb7-5f04-8891-e4d6f46bd895  |s 61da5ca3-9739-5ff9-8962-4e5f980c73e5 
952 f f |p Can circulate  |a CAVAL  |b CAVAL  |c CAVAL  |d CARM 1 Store  |e B09223  |f A1:AM03B0  |h Other scheme  |i book  |m 0424875